000 00648nam a2200241Ia 4500
003 OSt
005 20220924114231.0
006 a|||||r|||| 00| 0
007 ta
008 220923b |||||||| |||| 00| 0 urd d
020 _c15.00
024 _a310505
037 _cTextual
040 _aARTS
_cARTS
_burd
041 _2urd
_aurd
082 _aO168:gxNSA6,1, M5
100 _aSahil Ahmed
_9172540
245 0 _aUrdu ki chand mashoor kitaben
260 _aAllahabad
_bUrdu Writers India
_c1985
650 _aURDU LITERATURE
942 _hO168:gxNSA6,1, M5
_cTEXL
_2CC
999 _c392598
_d392598